000 00318nam a2200121Ia 4500
008 190216s9999||||xx |||||||||||||| ||und||
100 _aRohatgy K K & Mukherjee
245 0 _aFundamentals Of Photochemistry
260 _bNew Age International Publishers
_c2000
300 _a371p
650 _aChemistry
942 _cBK
999 _c2472
_d2472